000 01819cam a22003734a 4500
999 _c23705
_d23705
001 13122734
005 20170127091152.0
008 030313s2003 vauab bc 001 0 eng
010 _a 2003045384
020 _a0883971402 (pbk.)
020 _a0883971410
050 0 0 _aN7860
_b.D87 2003
100 1 _aDuston, Allen.
245 1 0 _aSaint Peter and the Vatican :
_bthe legacy of the popes /
_cAllen Duston and Roberto Zagnoli.
260 _aAlexandria, Va. :
_bArt Services International,
_c2003.
300 _a521 p. :
_bill. (chiefly col.), map ;
_c30 cm.
500 _aCatalog of an exhibition organized by Arts Services International and held at the Houston Museum of Natural Science, Museum of Art (Fort Lauderdale, Fla.), Cincinnati Museum Center, and the San Diego Museum of Art.
504 _aIncludes bibliographical references (p. 505) and index.
610 2 0 _aCatholic Church
_xLiturgical objects
_vExhibitions.
610 2 0 _aVatican Palace (Vatican City)
_xArt collections
_vExhibitions.
650 0 _aChristian art and symbolism
_yModern period, 1500-
_vExhibitions.
650 0 _aPapacy
_xHistory
_vExhibitions.
650 0 _aArt
_zVatican City
_vExhibitions.
700 1 _aZagnoli, Roberto.
710 2 _aArt Services International.
710 2 _aHouston Museum of Natural Science.
942 _2lcc
_cBOOKS